Introductory Medical Physiology : (Record no. 173747)

MARC details
000 -LEADER
fixed length control field 01287nam a22003855i 4500
001 - CONTROL NUMBER
control field vtls000870545
003 - CONTROL NUMBER IDENTIFIER
control field PNM
005 - DATE AND TIME OF LATEST TRANSACTION
control field 20190808114738.0
008 - FIXED-LENGTH DATA ELEMENTS--GENERAL INFORMATION
fixed length control field 190211t20182018my a e o000 0 eng
015 ## - NATIONAL BIBLIOGRAPHY NUMBER
National bibliography number M191-02362
020 ## - INTERNATIONAL STANDARD BOOK NUMBER
International Standard Book Number 9789673449064
Qualifying information paperback
Terms of availability RM45.00
039 #9 - LEVEL OF BIBLIOGRAPHIC CONTROL AND CODING DETAIL [OBSOLETE]
Level of rules in bibliographic description 201906271304
Level of effort used to assign nonsubject heading access points hema
Level of effort used to assign subject headings 201902131534
Level of effort used to assign classification zuraidah_s
Level of effort used to assign subject headings 201902131154
Level of effort used to assign classification nor_afizah
040 ## - CATALOGING SOURCE
Original cataloging agency BNM
Language of cataloging eng
Transcribing agency BNM
Description conventions rda
Modifying agency PPAK
049 ## - LOCAL HOLDINGS (OCLC)
Holding library mal
082 04 - DEWEY DECIMAL CLASSIFICATION NUMBER
Classification number 571.64
Edition number 23
090 00 - LOCALLY ASSIGNED LC-TYPE CALL NUMBER (OCLC); LOCAL CALL NUMBER (RLIN)
Classification number (OCLC) (R) ; Classification number, CALL (RLIN) (NR) 571.64
Feature heading HAM
Feature heading R
100 0# - MAIN ENTRY--PERSONAL NAME
Personal name Hamdan Noor,
Relator term author.
245 10 - TITLE STATEMENT
Title Introductory Medical Physiology :
Remainder of title Membrane Potentials of Excitable Tissues when Stimulated.
Number of part/section of a work MODULE 9 /
Statement of responsibility, etc. Hamdan Noor
264 #1 - PRODUCTION, PUBLICATION, DISTRIBUTION, MANUFACTURE, AND COPYRIGHT NOTICE
Place of production, publication, distribution, manufacture Serdang, Selangor :
Name of producer, publisher, distributor, manufacturer Universiti Putra Malaysia Press,
Date of production, publication, distribution, manufacture, or copyright notice 2018
Date of production, publication, distribution, manufacture, or copyright notice ©2018
300 ## - PHYSICAL DESCRIPTION
Extent x, 82 pages :
Other physical details colour illustrations ;
Dimensions 18 cm x 23 cm.
336 ## - CONTENT TYPE
Content type term text
Source rdacontent
337 ## - MEDIA TYPE
Media type term unmediated
Source rdamedia
338 ## - CARRIER TYPE
Carrier type term volume
Source rdacarrier
490 1# - SERIES STATEMENT
Series statement Introductory Medical Physiology
500 ## - GENERAL NOTE
General note Includes index
General note Includes questions and exercises<br/>
650 10 - SUBJECT ADDED ENTRY--TOPICAL TERM
Topical term or geographic name entry element Cell membranes
Topical term or geographic name entry element Cell interaction
Topical term or geographic name entry element Ion channels
Topical term or geographic name entry element Human physiology
Topical term or geographic name entry element Government publications
Geographic subdivision Malaysia
830 #0 - SERIES ADDED ENTRY--UNIFORM TITLE
Uniform title Introductory medical physiology
942 ## - ADDED ENTRY ELEMENTS (KOHA)
Source of classification or shelving scheme Dewey Decimal Classification
Koha item type Book
Holdings
Withdrawn Not for loan Current library Shelving location Date acquired Full call number Barcode Date last seen Koha item type
  Not For Loan Perpustakaan Alor Setar Rujukan Dewasa 02/09/2019 R 571.64 HAM A01613713 02/09/2019 Book
  Not For Loan Perpustakaan Awam Sungai Petani Rujukan Dewasa 02/09/2019 R 571.64 HAM A01613714 02/09/2019 Book
  Not For Loan Perpustakaan Merbok Rujukan Dewasa 02/09/2019 R 571.64 HAM A01613715 02/09/2019 Book